| 000 | 01269nam a2200277 a 4500 | ||
|---|---|---|---|
| 001 | 75568 | ||
| 003 | BD-RjUL | ||
| 005 | 20211209082718.0 | ||
| 008 | 190425s2016 bg a|||||mb|| 00| ||eng d | ||
| 035 | _a(BD-RjUL)75786 | ||
| 040 |
_aBD-RjUL _beng _cBD-RjUL _dBD-RjUL |
||
| 041 | _aeng | ||
| 082 |
_223 _a363.348095492 _bALR 2016 |
||
| 100 | 1 |
_aAl-Agad, Mohammed Alauddin _9231214 |
|
| 245 | 1 | 0 |
_aRole of Government and Non-Government Organizations in Rehabilitating Natural Disaster affected People: _bA study on the Coastal Zone of Bangladesh / _cMohammed Alauddin Al-Agad ; _6Supervisor: Md. Fakrul Islam |
| 260 |
_aRajshahi : _bInstitute of Bangladesh Studies, University of Rajshahi, _c2016 |
||
| 300 |
_axxi, 247Leaves : _bIll. ; _c30 cm. |
||
| 502 | _aThesis (Ph. D.) -- Institute of Bangladesh Studies, University of Rajshahi, 2016 | ||
| 504 | _aBibliography: Leaves [235]-247 | ||
| 650 |
_aSocial Welfare & Social Work _xGeneral. _9231215 |
||
| 650 |
_aNatural Disasters _xManagement _zBangladesh _9231216 |
||
| 650 |
_aGovernment Agencies _xorganization & administration _zBangladesh _9231217 |
||
| 650 |
_aNon-Government Agencies _xorganization & administration _zBangladesh _9231218 |
||
| 700 |
_aIslam, Md. Fakrul, Supervisor _9231219 |
||
| 942 |
_2ddc _cTHE |
||
| 999 |
_c75568 _d75568 |
||